Départements français avec les noms les plus courts - Statistiques

Statistiques générales
  • Ce quiz a été pris 19 191 fois
  • Le résultat moyen est 9 sur 14
Statistiques - réponses
Département % Correct
Ain
92%
Var
71%
Nord
65%
Aude
62%
Lot
62%
Aube
61%
Gard
59%
Oise
59%
Tarn
59%
Eure
58%
Cher
55%
Gers
52%
Jura
49%
Orne
48%
Aucun quiz correspondant
Distribution des résultats
% des personnes avec chaque résultat
Percentile par nombre de réponses
Votre historique - résultats
Vous n’avez pas pris ce quiz